000 00450nam a2200169Ia 4500
008 230718s9999 xx 000 0 und d
020 _a9788184870879
041 _aeng
082 _a621.43
_bPUN
100 _aPundir B.P.
245 _aIC Engines
_bCombustion And Emissions
260 _c2010
_bNarosa Publishing
300 _a504
365 _cRs.
_b450.00
700 _aPundir B.P.
906 _dO:0124130-Oct-2010B:557328-Sep-2010
_cMECH
_b112.5
999 _c326306
_d326306